Cliquez sur la bonne figure de style - Statistiques

Statistiques générales
  • Ce quiz a été pris 40 fois
  • Le résultat moyen est 2 sur 16
Answers on the Grid
Answers color-coded by a green-red scale on the quiz's grid according to % correct below.
Antilabe
Paréchèse
Aposiopèse
Auxèse
Chiasmose
Endoglosse
Épanadiplose
Orthotropie
Épiphrase
Épistrophisme
Anaphorisme
Figura etymologica
Hendiadys
Synantithèse
Homéarchèse
Hypallage
Parrhésie
Hyperlexie
Épizeuxe
Hypersyntaxe
Isocolie
Logoclasme
Logorrhéisme
Anacoluthe
Polysémie circulaire
Antimétabole
Métalepse
Métasémie
Paraphonie
Homéotéleute
Parataxisme
Pseudométaphore
 
Statistiques - réponses
Réponse % Correct
Épiphrase
68%
Homéotéleute
24%
Anacoluthe
21%
Aposiopèse
18%
Métalepse
18%
Auxèse
13%
Hypallage
13%
Antilabe
11%
Épanadiplose
11%
Épizeuxe
11%
Parrhésie
11%
Figura etymologica
5%
Hendiadys
5%
Isocolie
5%
Paréchèse
5%
Antimétabole
3%
Aucun quiz correspondant
Distribution des résultats
% des personnes avec chaque résultat
Percentile par nombre de réponses
Votre historique - résultats
Vous n’avez pas pris ce quiz